Библиография Победы

“Убежден: опыт солидарности, партнерства в годы борьбы с общей угрозой — это наше бесценное наследие, прочная опора именно сейчас, когда набирает силу необратимое движение к более справедливому многополярному миру, основанному на принципах доверия и неделимой безопасности, равных возможностей для самобытного и свободного развития всех стран и народов.”

В.В. Путин

Yungt (Запись № 86594)

Подробности
000 -МАРКЕР
контрольное поле 01481nam0a22003731 4500
001 - ИДЕНТИФИКАТОР ЗАПИСИ
контрольное поле RU\NLR\Evr\1999
005 - ИДЕНТИФИКАТОР ВЕРСИИ
контрольное поле 20251202160538.0
035 ## - ДРУГИЕ СИСТЕМНЫЕ НОМЕРА
Идентификатор записи (NLR Aleph) 011418391
100 ## - ДАННЫЕ ОБЩЕЙ ОБРАБОТКИ
Данные общей обработки 20070419d1941 u y0rusy50 ca
101 0# - ЯЗЫК РЕСУРСА
Язык текста, звукозаписи и т.д. идиш
102 ## - СТРАНА ПУБЛИКАЦИИ ИЛИ ПРОИЗВОДСТВА
Страна публикации украина
105 ## - ПОЛЕ КОДИРОВАННЫХ ДАННЫХ: ТЕКСТОВЫЕ МАТЕРИАЛЫ, МОНОГРАФИЧЕСКИЕ
Кодированные данные о монографическом текстовом документе c |||||||||
200 1# - ЗАГЛАВИЕ И СВЕДЕНИЯ ОБ ОТВЕТСТВЕННОСТИ
Связь между полями a01
Графика поля Латинская
Основное заглавие Yungt
Сведения, относящиеся к заглавию Roman
Первые сведения об ответственности Peysi Altman
210 ## - ПУБЛИКАЦИЯ, РАСПРОСТРАНЕНИЕ И ДР.
Связь между полями a01
Место издания, распространения и т.д. Kiev
Имя издателя, распространителя и т. д. Melukhe-farlag far di natsionale minderkhaytn in USSR
Дата издания, распространения и т.д. 1941
Графика поля Латинская
210 ## - ПУБЛИКАЦИЯ, РАСПРОСТРАНЕНИЕ И ДР.
Связь между полями a01
-- z02
Место издания, распространения и т.д. קיעוו
Имя издателя, распространителя и т. д. מעלוכע-פארלאג פאר די נאצאָינאלע מינדערהייטנ אינ אוססר
Дата издания, распространения и т.д. 1941
210 ## - ПУБЛИКАЦИЯ, РАСПРОСТРАНЕНИЕ И ДР.
-- z02
Место издания, распространения и т.д. Киев
Имя издателя, распространителя и т. д. Государственное издательство национальных меньшинств в УССР
Дата издания, распространения и т.д. 1941
Графика поля Кириллица
215 ## - ФИЗИЧЕСКАЯ ХАРАКТЕРИСТИКА
Специфическое обозначение материала и объем 207 с.
Другие сведения о физической характеристике Портр.
Размеры 17 см.
510 1# - ПАРАЛЛЕЛЬНОЕ ЗАГЛАВИЕ
Связь между полями a01
Параллельное заглавие יונגט
Сведения, относящиеся к заглавию ראָמאנ
-- פּייסי אלטמאנ
541 1# - ПЕРЕВОД ЗАГЛАВИЯ, СДЕЛАННЫЙ КАТАЛОГИЗАТОРОМ
Заглавие Молодость
Сведения, относящиеся к заглавию Роман
Язык заглавия русский
700 #1 - ИМЯ ЛИЦА - ПЕРВИЧНАЯ ОТВЕТСТВЕННОСТЬ
Связь между полями a01
Начальный элемент ввода Альтман
Часть имени, кроме начального элемента ввода П.
Даты 1904-1941
Расширение инициалов личного имени Пейси
Идентификатор авторитетной/нормативной записи RU\NLR\AUTH\7951775
Код отношения Автор
Графика поля Кириллица
790 #1 - ИМЯ ЛИЦА - АЛЬТЕРНАТИВНАЯ ФОРМА
Связь между полями a01
Начальный элемент ввода Altman
Часть имени, кроме начального элемента ввода P.
Расширение инициалов личного имени Peysi
Код отношения Автор
Графика поля Латинская
790 #1 - ИМЯ ЛИЦА - АЛЬТЕРНАТИВНАЯ ФОРМА
Связь между полями a01
Начальный элемент ввода אלטמאן
Часть имени, кроме начального элемента ввода .פּ
Расширение инициалов личного имени פּייסי
Код отношения Автор
801 #0 - ИСТОЧНИК ЗАПИСИ
Страна российская федерация
Организация NLR
Дата составления 20070419
Правила каталогизации psbo
801 #0 - ИСТОЧНИК ЗАПИСИ
Страна российская федерация
Организация NLR
Правила каталогизации PSBO
801 #1 - ИСТОЧНИК ЗАПИСИ
Страна российская федерация
Организация NLR
Дата составления 20070419
Источник данных rusmarc
801 #2 - ИСТОЧНИК ЗАПИСИ
Страна российская федерация
Организация NLR
Дата составления 20090627
Источник данных rusmarc
852 ## - МЕСТОНАХОЖДЕНИЕ И ШИФР ХРАНЕНИЯ
Идентификатор организации NLR
Наименование фонда или коллекции (Sub-Location Identifier) ОЛСАА/идиш
Шифр хранения (Call Number) К-5972
942 ## - ДОПОЛНИТЕЛЬНЫЕ ЭЛЕМЕНТЫ ЗАПИСИ (АБИС)
Тип экземпляра АБИС Книга
945 ## - Информацию об издании предоставили:
Полное название организации, предоставившей материал Российская национальная библиотека
980 ## - КОЛЛЕКЦИЯ
Название коллекции Национальная библиография
980 ## - КОЛЛЕКЦИЯ
Название коллекции Библиография Победы
980 1# - КОЛЛЕКЦИЯ
Название коллекции Издания на идише из фонда ОЛСАА

Нет доступных экземпляров.